Covering and explaining conflict in civil society / (Record no. 95117)

MARC details
000 -LEADER
fixed length control field 00961nam a22002777a 4500
005 - DATE AND TIME OF LATEST TRANSACTION
control field 20150812150638.0
010 ## - LCCN (DPL NO)
LC control number ENG-113567
020 ## - INTERNATIONAL STANDARD BOOK NUMBER
International Standard Book Number 9788125054849
Terms of availability 750.00
035 ## - SYSTEM CONTROL NUMBER
System control number EN- 97099
037 ## - SOURCE OF ACQUISITION
Source of stock number/acquisition DBAD/PUB
082 ## - DEWEY DECIMAL CLASSIFICATION NUMBER
Classification number 300
245 ## - TITLE STATEMENT
Title Covering and explaining conflict in civil society /
Statement of responsibility, etc edited by Nalini Rajan
260 ## - PUBLICATION, DISTRIBUTION, ETC. (IMPRINT)
Place of publication, distribution, etc New Delhi
Name of publisher, distributor, etc Orient Blackswan
Date of publication, distribution, etc 2014
270 ## - ADDRESS
Address 1/24, Asaf Ali Road
City New Delhi
Postal code 110002
300 ## - PHYSICAL DESCRIPTION
Extent 207p.
Dimensions 23cm(Hb)
490 ## - SERIES STATEMENT
Series statement Studies in journalism
500 ## - GENERAL NOTE
General note Includes bibliographical references
505 ## - FORMATTED CONTENTS NOTE
Formatted contents note part I. Covering conflict in civil society -- part II. Explaining conflict in civil society -- part III. Civil society in social media.
520 ## - SUMMARY, ETC.
Summary, etc Contributed articles.
650 ## - SUBJECT ADDED ENTRY--TOPICAL TERM
Topical term or geographic name as entry element Civil society.
650 ## - SUBJECT ADDED ENTRY--TOPICAL TERM
Topical term or geographic name as entry element Conflict management.
650 ## - SUBJECT ADDED ENTRY--TOPICAL TERM
Topical term or geographic name as entry element Social conflict in mass media.
650 ## - SUBJECT ADDED ENTRY--TOPICAL TERM
Topical term or geographic name as entry element Social media.
700 ## - ADDED ENTRY--PERSONAL NAME
Personal name Nalini Rajan
942 ## - ADDED ENTRY ELEMENTS (KOHA)
Source of classification or shelving scheme Dewey Decimal Classification
Item type English Books
Call number suffix COV
Classification part 300
Holdings
Withdrawn status Lost status Not for loan Collection code Home library Current library Date acquired Source of acquisition Cost, normal purchase price Full call number Barcode Copy number Cost, replacement price Koha item type
    Not For Loan Non-fiction D.B.Act.Division D.B.Act.Division 21/07/2015 DBAD/PUB 750.00 300 COV EN-97099 1 750.00 English Books

© Delhi Public Library
Hit Counter
free hit counter